000 01073nmc a2200361 a 4500
003 AR-BaBNM
005 20251128205005.0
008 011101s1991 ||||||||||||||000 | spa||
020 _a84-294-3440-2
040 _cAR-BaBNM
100 1 _aFernández Baroja, Fernanda
245 1 0 _aMatemáticas básicas
_bdificultades de aprendizaje y recuperación
260 _aMadrid
_bSantillana
_c1991
300 _a311 p.
_btablas, diagr., il.
490 0 _aAula XXI
_vv. 51
504 _aBibliografía: p. 307-311
650 4 _aENSENANZA DE LAS MATEMATICAS
650 4 _aMATEMATICA
650 4 _aDIFICULTADES EN EL APRENDIZAJE
650 4 _aFORMACION DE DOCENTES
650 4 _aALGEBRA
650 4 _aGEOMETRIA
650 4 _aTECNICAS DIDACTICAS
650 4 _aAPRENDIZAJE MEDIANTE EL DESCUBRIMIENTO
650 4 _aAPRENDIZAJE MEDIANTE LA PRACTICA
651 4 _aEspaña
653 _aEDUCACION SECUNDARIA
700 1 _aLlopis Paret, Ana María
700 1 _aPablo Marco, Carmen
800 1 _aSánchez Cerezo, Sergio
_edirector
942 _cBK
998 _csilvi
999 _c9601
_d9601